00338nam a2200109Ia 45000010005000000080041000050200022000460820025000681000050000932450065001432600020002084181241024s9999 xx 000 0 und d a978-6645-9022-2-8 aRD/371.07/OE28j/2016 aOEI Organización de Estados Iberoamericanos 0aJornada extendida. Aportes para la reflexión y la acción bEd. Egrafc2016